000 00612nam a2200229Ia 4500
001 1536
003 GE_BSU
008 181216s||||||||xx |||||||||||||| ||und||
020 _a5891232715
040 _cGE_BSU
080 _a341.1(075.8)
245 _aМеждународное право.
245 _bУчубник для вузов.
245 _cОтв.ред. В.Игнатенко О.И.Тиунов
260 _aМосква
260 _bНорма-Инфра
260 _c1999
300 _a584стр.
541 _h15л.
653 _aМеждународное право
942 _cBK
999 _c35663
_d35663